Robotics : (Record no. 592898)

000 -LEADER
fixed length control field 01721cam a22003737i 4500
001 - CONTROL NUMBER
control field 18221924
003 - CONTROL NUMBER IDENTIFIER
control field NUST
005 - DATE AND TIME OF LATEST TRANSACTION
control field 20230103095224.0
008 - FIXED-LENGTH DATA ELEMENTS--GENERAL INFORMATION
fixed length control field 140711s2015 maua 001 0 eng d
010 ## - LIBRARY OF CONGRESS CONTROL NUMBER
LC control number 2014945698
020 ## - INTERNATIONAL STANDARD BOOK NUMBER
International Standard Book Number 9781305271029 (paperback)
020 ## - INTERNATIONAL STANDARD BOOK NUMBER
International Standard Book Number 1305271025 (paperback)
035 ## - SYSTEM CONTROL NUMBER
System control number (OCoLC)ocn894138824
040 ## - CATALOGING SOURCE
Original cataloging agency YDXCP
Language of cataloging eng
Transcribing agency YDXCP
Description conventions rda
Modifying agency CLE
-- IAD
-- OQX
-- LET
-- OCLCF
-- DLC
042 ## - AUTHENTICATION CODE
Authentication code lccopycat
082 04 - DEWEY DECIMAL CLASSIFICATION NUMBER
Classification number 629.892,PRA
100 1# - MAIN ENTRY--PERSONAL NAME
Personal name Prayaga, Lakshmi,
Relator term author.
9 (RLIN) 55728
245 10 - TITLE STATEMENT
Title Robotics :
Remainder of title a project-based approach /
Statement of responsibility, etc. Lakshmi Prayaga, Chandra Prayaga, Alex Whiteside, and Ramakrishna Suri.
264 #1 - PRODUCTION, PUBLICATION, DISTRIBUTION, MANUFACTURE, AND COPYRIGHT NOTICE
Place of production, publication, distribution, manufacture Boston, MA :
Name of producer, publisher, distributor, manufacturer Cengage Learning,
Date of production, publication, distribution, manufacture, or copyright notice [2015]
300 ## - PHYSICAL DESCRIPTION
Extent xi, 221 pages :
Other physical details illustrations ;
Dimensions 23 cm
336 ## - CONTENT TYPE
Content type term text
Source rdacontent
336 ## - CONTENT TYPE
Content type term still image
Source rdacontent
337 ## - MEDIA TYPE
Media type term unmediated
Source rdamedia
338 ## - CARRIER TYPE
Carrier type term volume
Source rdacarrier
505 ## - FORMATTED CONTENTS NOTE
Formatted contents note Introduction to robotics (Page-1), Build your own robot sweeper (Page-11), Traveling robot (Page-33), Intruder alarm (Page-57), Robot networking and communication with Wi-Fi (Page-73), Robot medical assistant (Page-89), Data logger (Page-101), Remote contorlled user interfaces (Page-121), Security robot (Page-141), Light and sound (Page-149), Android app controlller (Page-169), Additional robotics applications (Page-199),
650 #0 - SUBJECT ADDED ENTRY--TOPICAL TERM
Topical term or geographic name entry element Robots
General subdivision Design and construction.
650 #0 - SUBJECT ADDED ENTRY--TOPICAL TERM
Topical term or geographic name entry element Robotics.
650 #7 - SUBJECT ADDED ENTRY--TOPICAL TERM
Topical term or geographic name entry element Robotics.
Source of heading or term fast
Authority record control number or standard number (OCoLC)fst01098997
9 (RLIN) 106693
650 #7 - SUBJECT ADDED ENTRY--TOPICAL TERM
Topical term or geographic name entry element Robots
General subdivision Design and construction.
Source of heading or term fast
Authority record control number or standard number (OCoLC)fst01099054
9 (RLIN) 106694
700 1# - ADDED ENTRY--PERSONAL NAME
Personal name Prayaga, Chandra,
Relator term author.
9 (RLIN) 106688
700 1# - ADDED ENTRY--PERSONAL NAME
Personal name Whiteside, Alex,
Relator term author.
9 (RLIN) 106689
700 1# - ADDED ENTRY--PERSONAL NAME
Personal name Suri, Ramakrishna,
Relator term author.
9 (RLIN) 106690
942 ## - ADDED ENTRY ELEMENTS (KOHA)
Source of classification or shelving scheme
Koha item type Book
Holdings
Withdrawn status Lost status Source of classification or shelving scheme Damaged status Not for loan Permanent Location Current Location Shelving location Date acquired Total Checkouts Full call number Barcode Date last seen Price effective from Koha item type Public note
          Military College of Signals (MCS) Military College of Signals (MCS) General Stacks 01/03/2023   629.892,PRA MCS38143 10/23/2023 01/03/2023 Book Almirah No.42, Shelf No.1
© 2023 Central Library, National University of Sciences and Technology. All Rights Reserved.